000 00315nam a22001337a 4500
008 170816b xxu||||| |||| 00| 0 eng d
020 _a9780534355098
041 _aeng
080 _a51
100 _a36
101 _amat
245 _aMULTIVARIABLE CALCULUS CONCRPTS AND CONTEXT
_cSTEWART.J
942 _2udc
_cBK
999 _c23722
_d23722